Law and evidence : a primer for criminal justice, criminology, and legal studies /

"Law and Evidence: A Primer for Criminal Justice, Criminology, and Legal Studies, Third Edition introduces the complex topic of evidence law in a straightforward and accessible manner. The use and function of evidence in both criminal and civil cases is examined to offer a complete understandin...

Full description

Bibliographic Details
Main Author: Nemeth, Charles P., 1951- (Author)
Corporate Author: Taylor & Francis
Format: eBook
Language:English
Published: Boca Raton : CRC Press, 2023.
Edition:Third Edition.
Subjects:
Online Access:Connect to the full text of this electronic book

MARC

Tag First Indicator Second Indicator Subfields
LEADER 00000cam a2200000 i 4500
001 in00005517841
006 m o d
007 cr |||||||||||
008 220915s2023 flu ob 001 0 eng
005 20241106181658.4
010 |a  2022044670 
035 |a (OCoLC)on1346126029 
040 |a DLC  |b eng  |e rda  |c DLC  |d OCLCF  |d OCLCO 
019 |a 1371294368  |a 1374591109 
020 |a 9781000846010  |q (epub) 
020 |a 1000846016 
020 |a 9781003267140  |q (ebook) 
020 |a 1003267149 
020 |z 9781032211787  |q (hardback) 
020 |z 9781032211763  |q (paperback) 
035 |a (OCoLC)1346126029  |z (OCoLC)1371294368  |z (OCoLC)1374591109 
042 |a pcc 
043 |a n-us--- 
050 0 0 |a KF9660 
082 0 0 |a 345.73/06  |2 23/eng/20220924 
049 |a TXAM 
100 1 |a Nemeth, Charles P.,  |d 1951-  |e author. 
245 1 0 |a Law and evidence :  |b a primer for criminal justice, criminology, and legal studies /  |c Charles P. Nemeth, JD, PhD, LLM. 
250 |a Third Edition. 
263 |a 2303 
264 1 |a Boca Raton :  |b CRC Press,  |c 2023. 
300 |a 1 online resource 
336 |a text  |b txt  |2 rdacontent 
337 |a computer  |b c  |2 rdamedia 
338 |a online resource  |b cr  |2 rdacarrier 
504 |a Includes bibliographical references and index. 
520 |a "Law and Evidence: A Primer for Criminal Justice, Criminology, and Legal Studies, Third Edition introduces the complex topic of evidence law in a straightforward and accessible manner. The use and function of evidence in both criminal and civil cases is examined to offer a complete understanding of how evidence principles play out in the real world of litigation and advocacy. This revised Third Edition includes new discussions of rules and case law analysis, forensic cases, and evidentiary software programs. Key Features: Every chapter contains new legal authority that apples to traditional legal principles relevant to evidence law Offers full coverage of evidentiary codes and statutes Provides practical forms, checklists, and additional tools throughout for use by current and future practitioners Course ancillaries including PowerPointTM lecture slides and an Instructor's Manual with Test Bank are available with qualified course adoption"--  |c Provided by publisher. 
588 |a Description based on print version record and CIP data provided by publisher. 
650 0 |a Evidence, Criminal  |z United States. 
650 0 |a Evidence (Law)  |z United States. 
650 6 |a Preuve (Droit pénal)  |z États-Unis. 
650 6 |a Preuve (Droit)  |z États-Unis. 
650 7 |a Evidence, Criminal  |2 fast 
650 7 |a Evidence (Law)  |2 fast 
651 7 |a United States  |2 fast 
655 7 |a Electronic books.  |2 local 
710 2 |a Taylor & Francis. 
776 0 8 |i Print version:  |a Nemeth, Charles P., 1951-  |t Law and evidence  |b Third Edition.  |d Boca Raton : CRC Press, 2023  |z 9781032211787  |w (DLC) 2022044669 
856 4 0 |u http://proxy.library.tamu.edu/login?url=https://www.taylorfrancis.com/books/9781003267140  |z Connect to the full text of this electronic book  |t 0 
955 |a Taylor and Francis FORENSICnetBASE / LAWENFORCEMENTnetBASE 
994 |a 92  |b TXA 
999 f f |s e26de9cd-5741-418d-aeb9-d303bb3b66d5  |i 51d984d8-edb3-4d91-a47a-1fae0afba42d  |t 0 
952 f f |a Texas A&M University  |b College Station  |c Electronic Resources  |d Available Online  |t 0  |e KF9660   |h Library of Congress classification 
998 f f |a KF9660   |t 0  |l Available Online